Survey on sow diseases in lactation period at pich mony's farm; ការអង្កេតលើជម្ងឺមេជ្រូកបំបៅកូននៅកសិដ្ឋានចិញ្ចឹមជ្រូកពេជ្យ មុន្នី (Record no. 10432)

000 -LEADER
fixed length control field 00616nam a22001577a 4500
003 - CONTROL NUMBER IDENTIFIER
control field OSt
005 - DATE AND TIME OF LATEST TRANSACTION
control field 20161022140253.0
008 - FIXED-LENGTH DATA ELEMENTS--GENERAL INFORMATION
fixed length control field 161022b xxu||||| |||| 00| 0 eng d
040 ## - CATALOGING SOURCE
Transcribing agency RUA
082 ## - DEWEY DECIMAL CLASSIFICATION NUMBER
Classification number VEM THO 2015 B505 Or.1
100 ## - MAIN ENTRY--PERSONAL NAME
9 (RLIN) 10837
Personal name THORN SAVANN
245 ## - TITLE STATEMENT
Title Survey on sow diseases in lactation period at pich mony's farm; ការអង្កេតលើជម្ងឺមេជ្រូកបំបៅកូននៅកសិដ្ឋានចិញ្ចឹមជ្រូកពេជ្យ មុន្នី
260 ## - PUBLICATION, DISTRIBUTION, ETC. (IMPRINT)
Place of publication, distribution, etc. Phnom Penh
Name of publisher, distributor, etc. RUA
Date of publication, distribution, etc. 2015
300 ## - PHYSICAL DESCRIPTION
Extent x;31p;
Other physical details ill
Dimensions 29cm
942 ## - ADDED ENTRY ELEMENTS (KOHA)
Source of classification or shelving scheme
Koha item type VEM
Holdings
Price effective from Date last seen Permanent Location Not for loan Date acquired Source of classification or shelving scheme Koha item type Lost status Withdrawn status Date last checked out Total Checkouts Shelving location Damaged status Barcode Current Location Full call number
2016-10-222016-10-22Library Block B 2016-10-22 VEM    B505 A00344Library Block BVEM THO 2015 B505 Or.1
2016-10-222016-10-22Library Block B 2016-10-22 VEM    B505 A02414Library Block BVEM THO 2015 B505 Or.2
2016-10-222016-10-22Library Block B 2016-10-22 VEM    B505 A02695Library Block BVEM THO 2015 B505 Or.3
2016-10-222016-10-22Library Block B 2016-10-22 VEM    B505 A00113Library Block BVEM THO 2015 B505 Or.4
2016-10-222016-10-22Library Block B 2016-10-22 VEM    B505 A02152Library Block BVEM THO 2015 B505 Or.5
2016-10-222017-01-17Library Block B 2016-10-22 VEM  2016-12-121B505 A01343Library Block BVEM THO 2015 B505 Or.6
2016-10-222016-10-22Library Block B 2016-10-22 VEM    B505 A00148Library Block BVEM THO 2015 B505 Or.7
2016-11-172016-11-17Library Block B 2016-11-17 VEM    B505 a04059Library Block BVEM THO 2015 B505 Or.8
2021-11-102021-11-10Library Block B 2021-11-10 VEM    B690 a065728Library Block BVEM THO 2015 B690 Or.1
2021-11-232021-11-23Library Block B 2021-11-23 VEM    B694 a066395Library Block BVEM THO 2015 B694 Or.1
2021-11-232021-11-23Library Block B 2021-11-23 VEM    B694 a066571Library Block BVEM THO 2015 B694 Or.1
មជ្ឈមណ្ឌលឯការនៃសាកលវិទ្យាល័យភូមិន្ទកសិកម្មចំការដូង

Powered by Koha